000
00328nam a2200145Ia 4500
008
150201s2010 xx 000 0 und d
082
_a
610.7368
_b
P10N
100
_a
NAMBI, S.
245
_a
PSYCHIATRY FOR NURSES
250
_a
1ST
260
_b
JAYPEE
_a
DELHI
_c
2010
300
_a
278
650
_a
PSYCHIATRY
942
_2
ddc
_c
BK
999
_c
2148
_d
2148